01976njm a2200361Ia 450000100060000000300090000600500170001500800410003204000130007304000130008604100130009910000110011210000180012310000380014124500310017925000110021026000110022126000340023230000100026650000540027650502900033051100600062051100710068051100560075151100720080751100570087951100740093665000470101070001720105770001780122970001080140770000990151540116IT-RoPAU20220918181118.0131025s9999 xx 000 0 und d aIT-RoPAU cIT-RoPAU aITALIANO aAA.VV. eAutore musica gCodice autore musica SPICS: 12000 aGrandi duetti (I), vol. 03 a1a ed. aITALIA bSELEZIONEc1972 [1a Ed.:1972] aDISCO aMusica classica. Musica operistica. Musica lirica aMadama Butterfly: vogliatemi bene... dolce notte - Boheme: o soave fanciulla - Tosca: duetto d'amore - Rigoletto: sì, vendetta! - La forza del destino: solenne in quest'ora - Un ballo in maschera: teco io sto... - I racconti di Hoffmann: Belle nuit - Carmen: c'est toi! C'est moi! -  aOrchestra della Rca Italiana diretta da Leinsdorf Erich aOrchestra del Teatro dell'Opera di Roma diretta da Leinsdorf Erich aOrchestra della Rca Italiana diretta da Solti Georg aOrchestra del Teatro dell'Opera di Roma diretta da Schippers Thomas aNew Philharmonia Orchestra diretta da Guadagno Anton aOrchestra Filarmonica di Vienna e Coro diretta da Von Karajan Herbert aOPERA [DISCHI]eCodice MATERIA SPICS: 9950 aPuccini GiacomodCodice autore musica SPICS: 11082eAutore musicapMadama Butterfly: vogliatemi bene... dolce notte - Boheme: o soave fanciulla - Tosca: duetto d'amore aVerdi GiuseppedCodice autore musica SPICS: 89eAutore musicapRigoletto: sì, vendetta! - La forza del destino: solenne in quest'ora - Un ballo in maschera: teco io sto... aOffenbach JacquesdCodice autore musica SPICS: 11045eAutore musicapI racconti di Hoffmann: Belle nuit aBizet GeorgesdCodice autore musica SPICS: 10724eAutore musicapCarmen: c'est toi! C'est moi!